Nick Names of German Soccer Clubs - Statistics

General Stats
  • This quiz has been taken 75 times
  • The average score is 14 of 24
Answer Stats
Hint Answer % Correct
The Black and Yellows Borussia Dortmund
99%
FC Hollywood FC Bayern München
97%
The Royal Blues Schalke 04
91%
The Dinosaurs Hamburger SV
88%
The Wolves VFL Wolfsburg
85%
The Billy Goats 1.FC Köln
82%
The Old Lady Hertha BSC Berlin
76%
The Foals Borussia Mönchengladbach
75%
The Factory Eleven Bayer 04 Leverkusen
73%
The Red Devils 1. FC Kaiserslautern
70%
The Club 1.FC Nürnberg
67%
The Carnival Team FSV Mainz 05
64%
Kiez-Kicker FC St. Pauli
61%
The Lillies SV Darmstadt 98
61%
The Guys from Kraichgau TSG 1899 Hoffenheim
61%
The Zebras MSV Duisburg
58%
The Lions 1860 München
52%
The Clover Leafs SpVgg Greuther Fürth
45%
The Datschiburger FC Augsburg
40%
The Moody Diva Eintracht Frankfurt
25%
The Scarlet Red Boat Hansa Rostock
25%
Men in/on the Fortification FC Ingolstadt
16%
The Sparrows SSV Ulm 1846
15%
The Suebians VFB Stuttgart
15%
No matching quizzes found
Score Distribution
Percent of People with Each Score
Percentile by Number Answered
Your Score History
You have not taken this quiz